Két "nélküliség" között egy költő
Elmentve itt :
| Szerző: | |
|---|---|
| Adatforrás: | Meister |
| Forrásdokumentuma: | Helikon. - 25 sz., 1994, 4 p. |
| Nyelv: | magyar |
| Kulcsszavak: | irodalomkritika KOVÁCS András Ferenc (KAF) |
| LEADER | 00385nab a2200133 i 4500 | ||
|---|---|---|---|
| 001 | bibPRO00010470 | ||
| 008 | 060524s1994 xx hun | ||
| 040 | |a Sz1 | ||
| 041 | |a hun | ||
| 100 | 1 | |a LÁSZLÓFFY Aladár | |
| 245 | 1 | 0 | |a Két "nélküliség" között egy költő |c LÁSZLÓFFY Aladár |
| 695 | |a irodalomkritika | ||
| 695 | |a KOVÁCS András Ferenc (KAF) | ||
| 773 | 0 | |t Helikon. - |g 25 sz., 1994, 4 p. | |